An Acre of distributed forest (Record no. 45385)

MARC details
000 -LEADER
fixed length control field 00423nam a2200121Ia 4500
100 ## - MAIN ENTRY--AUTHOR NAME
Personal name Wycherley P R
245 #3 - TITLE STATEMENT
Title An Acre of distributed forest
260 ## - PUBLICATION, DISTRIBUTION, ETC. (IMPRINT)
Name of publisher Proceedings of the Symposium on Humid Tropics Vegetation, Tijiawi, Indonesia, December 1958, Unesco Science Cooperation Office for South east Asia
Year of publication 1958
300 ## - PHYSICAL DESCRIPTION
Number of Pages 258-278
700 ## - ADDED ENTRY--PERSONAL NAME
Personal name Nair V K B
942 ## - ADDED ENTRY ELEMENTS (KOHA)
Koha item type Reprints
Holdings
Withdrawn status Lost status Damaged status Not for loan Home library Current library Shelving location Date acquired Koha item type
      Reprints RRII Library RRII Library Botany 22/12/2021 Reprints